Grand Quiz Des Manga/Anime - Statistiques

Statistiques générales
  • Ce quiz a été pris 788 fois
  • Le résultat moyen est 6 sur 15
Statistiques - réponses
Question Réponse % Correct
Quel est le nom du pirate qui rêve de devenir le roi des pirates dans "One Piece" ? Monkey D. Luffy
99%
Qui est le principal rival de Goku dans "Dragon Ball Z" ? Vegeta
90%
Dans "Naruto", comment s'appelle le démon renard à neuf queues scellé en Naruto ? Kurama (ou Kyubi)
89%
Dans "My Hero Academia", comment s'appelle l'alter de Izuku Midoriya ? One For All
84%
Quel est le nom du titan principal que Eren Jaeger peut se transformer en dans "L'Attaque des Titans" ? Le titan assaillant
52%
Dans "Fairy Tail", quel est le nom du dragon qui a élevé Natsu Dragnir ? Igneel
40%
Quel manga de Naoki Urasawa raconte l'histoire d'un médecin impliqué dans une série de meurtres et la recherche d'un enfant qu'il a sauvé ? Monster
34%
Quel est le pouvoir spécial de Lelouch dans "Code Geass" ? Le Geass (ou le pouvoir de la soumission absolue)
31%
Dans "JoJo's Bizarre Adventure", quel est le nom du Stand de Jotaro Kujo ? Star Platinum
27%
Dans "Hunter x Hunter", comment s'appelle le créateur de la série ? Yoshihiro Togashi
26%
Qui est l'auteur du manga "Berserk" ? Kentaro Miura
24%
Dans "Bleach", quel est le nom de l'épée (Zanpakutō) d'Ichigo Kurosaki ? Zangetsu
23%
Dans "One Punch Man", quel est le nom de l'organisation de héros à laquelle Saitama appartient ? L'Association des Héros
18%
Quel est le nom de l'école où se déroule l'action de "Assassination Classroom" ? Le collège Kunugigaoka
7%
Dans "Neon Genesis Evangelion", comment s'appelle le père de Shinji ? Gendo Ikari
6%
Aucun quiz correspondant
Distribution des résultats
% des personnes avec chaque résultat
Percentile par nombre de réponses
Votre historique - résultats
Vous n’avez pas pris ce quiz